Genetic divergence, prepotency and inbreeding depression in Para rubber (Hevea brasiliensis Muell. Arg.) (Record no. 49366)

MARC details
000 -LEADER
fixed length control field 00452nam a2200133Ia 4500
100 ## - MAIN ENTRY--AUTHOR NAME
Personal name Mydin K.K.
245 #0 - TITLE STATEMENT
Title Genetic divergence, prepotency and inbreeding depression in Para rubber (Hevea brasiliensis Muell. Arg.)
260 ## - PUBLICATION, DISTRIBUTION, ETC. (IMPRINT)
Name of publisher Ph.D. Thesis, Kerala Agricultural University, Trichur, India, 351 p.
Year of publication 1992
650 ## - SUBJECT ADDED ENTRY--TOPICAL TERM
Topical Term Breeding
650 ## - SUBJECT ADDED ENTRY--TOPICAL TERM
Topical Term Genetic diversity
650 ## - SUBJECT ADDED ENTRY--TOPICAL TERM
Topical Term Prepotency
942 ## - ADDED ENTRY ELEMENTS (KOHA)
Koha item type Bibliography STAF
Holdings
Withdrawn status Lost status Damaged status Not for loan Home library Current library Shelving location Date acquired Koha item type
      Bibliography RRII Library RRII Library Botany 09/04/2014 Bibliography STAF